Statistics for Copenhagen City Trivia

Click here to take the quiz!

General Stats

  • This quiz has been taken 462 times
  • The average score is 10 of 18

Answer Stats

QuestionAnswer% Correct
What is the most notable statue of the city?The {Little} {Mermaid}
91%
To what Swedish city is that bridge connected to?Malmö
86%
What ocean sea does Copenhagen overlook?{Baltic} Sea
82%
What famous theme park was opened in 1843?{Tivoli} Gardens
80%
On what major island is Copenhagen located?Zealand
71%
How do the Danish write and pronounce the city of "Copenhagen"?København
66%
What hippie-neighborhood is famous to be autonomous?Christiania
61%
What bridge connects Denmark to Sweden?{Øresund} Bridge
60%
What are the countries of origins of the top 3 immigrant groups of Copenhagen?Turkey
60%
What are the countries of origins of the top 3 immigrant groups of Copenhagen?Iraq
46%
Which district is famous for its colorful buildings along a waterfront?Nyhavn
44%
What 19th century Danish philosopher, whose Denmark'a most notable one, was
born in Copenhagen and spent much of his life in the city?
Søren Kierkegaard
42%
What animal supports the greater coat of arms of Copenhagen?Lion
39%
What Hollywood-movie, about a transgender man, takes place mostly in Copenhagen?The {Danish} {Girl}
38%
What palace is the home of the Danish royal family?Amalienborg
37%
Someone whose from Denmark is a Dane. How do you call someone
whose from Copenhagen in English?
Copenhagener
35%
On what smaller island, which is Denmark's most densely populated island, is the
smaller portion of Copenhagen located?
Amager
30%
What are the countries of origins of the top 3 immigrant groups of Copenhagen?Pakistan
29%

Score Distribution

Percentile by Number Answered

Percent of People with Each Score

Your Score History

You have not taken this quiz